00000000nam 2200000za 4500
0019.645934
003CaOODSP
00520200427132942
007ta
008150407s1997    onc|||||     f|0| 0 eng d
020 |a0-660-16172-9
040 |aCaOODSP|beng
043 |an-cn---
0861 |aSE3-36/1997E
24500|aHistory of the vote in Canada.
260 |aOttawa : |bElections Canada, |c1997.
300 |axviii, 109 p. : |bcoloured ill. ; |c21 cm.
500 |aThis publication is out of date and no longer available in print.
500 |a"The volume documents the 200-year process by which Canadians overcame exclusions from the franchise and barriers to voting to achieve a universal, constitutionally entrenched right to vote."--Preface.
504 |aIncludes bibliographical references.
5203 |aThis book spans the history of the vote in Canada from the first election held in Nova Scotia in 1759 to the present. With fascinating quotes, anecdotes and images of historical documents and artifacts, the evolution of Canada's democratic electoral process unfolds in this richly illustrated publication. The rights of women, aboriginal peoples, religious and racial minorities are revealed in context with voting. Changes in voter eligibility and methods of voting are also examined. Includes a chronology, index and bibliography.
563 |aSoftcover
590 |a97-50|b1997-12-12
69007|aElectoral system|2gcpds
7102 |aElections Canada.
77508|tL'histoire du vote au Canada.|w(CaOODSP)9.679544